| 000 | 01054nam a2200265 i 4500 | ||
|---|---|---|---|
| 005 | 20251108191211.0 | ||
| 008 | 250906s2021 jo ||||gr|||| 00| 0 ara d | ||
| 020 | _a9789923001080 | ||
| 040 |
_aJO-AmGAM _erda |
||
| 082 | 1 | 4 |
_a216.91 _bع م و |
| 100 | 1 |
_aالعموش، بسام علي _eمؤلف. |
|
| 245 | 1 | 2 |
_aالدولة الإسلامية نظرة عصرية / _cأ.د. بسام علي العموش ؛ تقديم دولة رئيس الوزراء الاسبق عبدالرؤوف الروابدة. |
| 246 | 1 | 0 | _aIslamic State Acontemporary View. |
| 250 | _aالطبعة الاولى. | ||
| 264 | 3 | 1 |
_aعمان : _bدار المأمون للنشر والتوزيع، _c2021. |
| 300 | _a266 صفحة. | ||
| 336 |
_2rdacontent _aنص _btxt |
||
| 337 |
_2rdamedia _aدون وسيط عرض _bn |
||
| 338 |
_2rdacarrier _aمجلد _bnc |
||
| 650 | 1 | 7 | _aالنظم الاسلامية. |
| 650 | 1 | 7 | _aالدولة الاسلامية. |
| 700 | 1 |
_aالروابدة، عبدالرؤوف _eمقدم. |
|
| 942 |
_cBK _2ddc |
||
| 999 |
_c246948 _d246948 |
||